Guidance and counselling (Record no. 10319)

MARC details
000 -LEADER
fixed length control field 00470cam a2200181ua 4500
008 - FIXED-LENGTH DATA ELEMENTS--GENERAL INFORMATION
fixed length control field 190924n ii |||gr||||Z||||||eng
040 ## - CATALOGING SOURCE
Transcribing agency MAIN
041 ## - LANGUAGE CODE
-- eng
082 ## - DEWEY DECIMAL CLASSIFICATION NUMBER
Classification number 371.4
100 ## - MAIN ENTRY--PERSONAL NAME
Personal name Ram Nath Sharma,
Relator term
245 ## - TITLE STATEMENT
Title Guidance and counselling
Statement of responsibility, etc. By Ram Nath Sharma
250 ## - EDITION STATEMENT
Edition statement 9th rep.
260 ## - PUBLICATION, DISTRIBUTION, ETC.
Place of publication, distribution, etc. Delhi:
Name of publisher, distributor, etc. Surjeet publications,
Date of publication, distribution, etc. 2018.
300 ## - PHYSICAL DESCRIPTION
Extent 441p.
942 ## - ADDED ENTRY ELEMENTS (KOHA)
Koha item type Books
653 ## - INDEX TERM--UNCONTROLLED
Uncontrolled term Schools & their activities special education
Holdings
Withdrawn status Lost status Damaged status Not for loan Home library Current library Shelving location Date acquired Total Checkouts Full call number Barcode Date last seen Date last checked out Copy number Price effective from Koha item type
        Naharkatiya College Library Naharkatiya College Library General Stacks 19/09/2020 1 371.4Guidance and counselling | SHA 26943 11/07/2023 19/06/2023 1 19/09/2020 Books

Naharkatiya College © 2020. All rights reserved.

Powered By